000 00412nam a2200121Ia 4500
008 220616s9999||||xx |||||||||||||| ||und||
100 _aPinar Atukeren
245 0 _aNovel Prospects in Oxidative and Nitrosative Stress
546 _aEnglish[eng]
650 _aMedicine||Health Sciences||Cell Biology
856 _uhttps://www.intechopen.com/books/novel-prospects-in-oxidative-and-nitrosative-stress
942 _cEB
999 _c19782
_d19782